A közösségi médiák szerepe, hasznossága és használatának lehetőségei a vállalati stratégiában a T. Nagy Tamás Kft.-n keresztül bemutatva.

Bibliographic Details
Main Author: Fokk Amina
Other Authors: Papp Judit
Format: Project work
Kulcsszavak:közösségi média
márkaépítés
niche piac
online marketing
tartalommarketing
Online Access:http://dolgozattar.uni-bge.hu/59711

MARC

LEADER 00000nnm a2200000 i 4500
001 dolg59711
005 20260409145448.0
008 260409suuuu hu o 000 hun d
040 |a BGE Dolgozattár Repozitórium  |b hun 
041 |a hu 
100 1 |a Fokk Amina 
245 1 2 |a A közösségi médiák szerepe, hasznossága és használatának lehetőségei a vállalati stratégiában a T. Nagy Tamás Kft.-n keresztül bemutatva.  |c Fokk Amina  |h [elektronikus dokumentum] 
516 |a Project_work 
520 3 |a A dolgozat központi témája a közösségi média vállalati stratégiákban betöltött szerepének vizsgálata a T. Nagy Tamás Kft-n keresztül bemutatva. A dolgozat célja, hogy bemutassa, miként járulhat hozzá a közösségi média a márkaismertség növeléséhez, az ügyfélkapcsolatok erősítéséhez és az értékesítési folyamatok támogatásához. A kutatás kvantitatív, primer kutatási módszert alkalmaztam, a vállalat partnereinek elégedettségét vizsgáltam az online kérdőívben. Az elemzések alapján megállapítható, hogy a T. Nagy Tamás Kft. partnerei nagyon elégedettek a vállalat tevékenységével és szolgáltatásaival, különösen a cég oktatási tevékenységével. A dolgozat kitér arra is, hogy a mesterséges intelligencia és az automatizáció miként alakíthatja át a közösségi média jövőjét a vállalat életében. A primer kutatás eredményei megerősítik, hogy a célzott tartalomkészítés, a rendszeres kommunikáció és a tudatos online jelenlét fejlesztése kulcsfontosságú a versenyelőny megszerzésében. 
695 |a közösségi média 
695 |a márkaépítés 
695 |a niche piac 
695 |a online marketing 
695 |a tartalommarketing 
700 1 |a Papp Judit  |e ths 
856 4 0 |u http://dolgozattar.uni-bge.hu/59711/1/Projektmunka.pdf  |z Dokumentum-elérés 
856 4 0 |u http://dolgozattar.uni-bge.hu/59711/2/FOKK%20AMINA%20KM%20FOSZK%20b%C3%ADr%C3%A1lati%20lap%20%281%29.pdf  |z Dokumentum-elérés